01006nam a2200265 a 4500001000400000003001000004005001700014008004100031020001800072040002500090080002500115090002600140100003300166245016500199260003800364300002700402504002500429650003900454650003100493650002100524650004000545942001200585952013000597999001300727804BR-CuiBMT20231117234208.0230711s2010 mgba 000 0 por d a9788577003808 aBR-CuiBMTcBR-CuiBMT a351.94:336.14822007 a351.94:336.148bL732p1 aLima, Gustavo Massa Ferreira12aO princípio constitucional da economicidade e o controle de desmpenho pelos tribunais de contas /cGustavo Massa Ferreira Lima ; prefácio, Marcos Nóbrega. aBelo Horizonte :bFórum,c2010. a127 p. :bil. ;c22 cm aInclui bibliografia. aPrincípio constitucionalzBrasil aTribunal de contaszBrasil aControle externo aAdministração públicazBrasil 2udccLV 00102udc4070aBIBTCEMTbBIBTCEMTd2019-08-09l0o351.94:336.148 L732ppBIBTCEMT23110738r2023-11-17tEx. 1w2023-11-17yLV c804d804